000
00383nam a2200133Ia 4500
008
151001s9999||||xx |||||||||||||| ||und||
100
_a
सुदर्शन भाटीया
245
_a
नारी कर्तव्य एवं अधिकार
250
_a
1
260
_b
बैटर बुक्स
260
_c
2007
300
_a
179
365
_b
21
999
_c
993878
_d
993875